Online
Catalog

Ciencias de la tierra : (Record no. 21028)

MARC details
000 -CABECERA
campo de control de longitud fija 00991nam a2200253 a 4500
001 - NÚMERO DE CONTROL
campo de control 000021528
005 - FECHA Y HORA DE LA ÚLTIMA TRANSACCIÓN
campo de control 20200930011345.0
008 - DATOS DE LONGITUD FIJA--INFORMACIÓN GENERAL
campo de control de longitud fija 100908s1999 sp ac 000 0 spa d
020 ## - NÚMERO INTERNACIONAL ESTÁNDAR DEL LIBRO
Número Internacional Estándar del Libro 0139741224
040 ## - FUENTE DE LA CATALOGACIÓN
Centro catalogador/agencia de origen DO-SdBNP
Lengua de catalogación spa
Centro/agencia transcriptor BNPHU
082 ## - NÚMERO DE LA CLASIFICACIÓN DECIMAL DEWEY
Número de clasificación 550
Número de documento/Ítem T179c, 1999
100 1# - ENTRADA PRINCIPAL--NOMBRE DE PERSONA
Nombre de persona Tarbuck, Edward J.
9 (RLIN) 44878
245 10 - MENCIÓN DE TÍTULO
Título Ciencias de la tierra :
Resto del título una introducción a la geología física /
Mención de responsabilidad, etc. Edward J. Tarbuck y Frederick K. Lutgens ; traducción Ana María Rubio ; revisión técnica Manuel Pozo Rodríguez y José Manuel González Casado.
250 ## - MENCIÓN DE EDICIÓN
Mención de edición 6a ed.
260 ## - PUBLICACIÓN, DISTRIBUCIÓN, ETC.
Lugar de publicación, distribución, etc. Madrid :
Nombre del editor, distribuidor, etc. Isabel Capella,
Fecha de publicación, distribución, etc. 1999.
300 ## - DESCRIPCIÓN FÍSICA
Extensión 540, [31] p. ; :
Otras características físicas il., retrato ;
Dimensiones 27 cm.
500 ## - NOTA GENERAL
Nota general "Una introducción a la geología física".
650 #4 - PUNTO DE ACCESO ADICIONAL DE MATERIA--TÉRMINO DE MATERIA
Término de materia o nombre geográfico como elemento de entrada Ciencias del ambiente
9 (RLIN) 44879
650 #4 - PUNTO DE ACCESO ADICIONAL DE MATERIA--TÉRMINO DE MATERIA
Término de materia o nombre geográfico como elemento de entrada Tierra
9 (RLIN) 40453
700 12 - PUNTO DE ACCESO ADICIONAL--NOMBRE DE PERSONA
Nombre de persona Lutgens, Frederick K.
9 (RLIN) 44880
700 12 - PUNTO DE ACCESO ADICIONAL--NOMBRE DE PERSONA
Nombre de persona Rubio, Ana María,
Término indicativo de función/relación tr.
9 (RLIN) 44881
700 12 - PUNTO DE ACCESO ADICIONAL--NOMBRE DE PERSONA
Nombre de persona Pozo Rodríguez, Manuel.
9 (RLIN) 44882
700 12 - PUNTO DE ACCESO ADICIONAL--NOMBRE DE PERSONA
Nombre de persona González Casado, José Manuel.
9 (RLIN) 44883
Holdings
Estado de retiro Estado de pérdida Restricciones de uso No para préstamo Código de colección Localización permanente Ubicación/localización actual Ubicación en estantería Fecha de adquisición Número de inventario Total de préstamos Signatura topográfica completa Código de barras Fecha visto por última vez Precio válido a partir de Tipo de ítem Koha Número de copia
        Monografías: Libros y Folletos General General Depósito 08.09.2010 LF1   550 T179c, 1999 21528-10 25.06.2020 25.06.2020 Préstamo en sala  
      Préstamo restrigido Monografías: Libros y Folletos General General Depósito 08.09.2010 LF1   550 T179c, 1999 21528-20 25.06.2020 25.06.2020 Préstamo en sala e. 2
  Extraviado   Excluido de préstamo Monografías: Libros y Folletos General General Extraviado 07.06.2017 LF1   550 T179c, 1999 21528-30 25.06.2020 25.06.2020 No se presta e. 3

Powered by Koha